Normal view
MARC view
Entry Personal Name
001 - CONTROL NUMBER
- control field: 72415
003 - CONTROL NUMBER IDENTIFIER
- control field: dpl
005 - DATE AND TIME OF LATEST TRANSACTION
- control field: 20241007120301.0
008 - FIXED-LENGTH DATA ELEMENTS
- fixed length control field: 241007|| aca||aabn | a|a d
040 ## - CATALOGING SOURCE
- Original cataloging agency: dpl
- Transcribing agency: dpl
100 ## - HEADING--PERSONAL NAME
- Personal name: उपाध्याय , गोविन्द
670 ## - SOURCE DATA FOUND
- Source citation: Work cat.: (dpl)206128: उपाध्याय , गोविन्द, एक टुकड़ा सुख /, 2019
